| 000 | 00925nam a2200277Ia 4500 | ||
|---|---|---|---|
| 001 | Para_8034 | ||
| 003 | CHAP | ||
| 008 | 220125s1929 xx 000 0 und d | ||
| 010 | _a205925 | ||
| 040 | _cCHAP | ||
| 082 | _aPA-C 595.75 H4 | ||
| 100 |
_aBall, E. D. _9167098 |
||
| 245 |
_aA supplemental revision of the genus athysanus in North America (Homoptera, cicadellidae) / _c by E. D. Ball |
||
| 300 | _a8 p. | ||
| 440 |
_aHemiptera; 12 _9172048 |
||
| 500 | _aSobertiro de: The American Entomological Society 50: 1-8, 1929. Encuadernado con otros impresos similares | ||
| 650 |
_aHemÃpteros _x colecciones de escritos Athysanus Cicadellidae _9172052 |
||
| 710 |
_aThe American Entomological Society 50 _9172053 |
||
| 901 | _aPA-C 595.75 H4 | ||
| 902 | _aA | ||
| 905 | _a0000001929 0000000000 00 | ||
| 910 | _a1929 | ||
| 942 | _cPARA | ||
| 942 |
_cPARA _d1 |
||
| 999 |
_c205925 _d205925 |
||